Shatski-bukh : (Record no. 32480)

MARC details
000 -LEADER
fixed length control field 01057cam a22002891a 4500
001 - CONTROL NUMBER
control field he 67001312
003 - CONTROL NUMBER IDENTIFIER
control field DLC
005 - DATE AND TIME OF LATEST TRANSACTION
control field 20260227111448.0
008 - FIXED-LENGTH DATA ELEMENTS--GENERAL INFORMATION
fixed length control field 870626s1958 nyuc 000 0 yid
010 ## - LIBRARY OF CONGRESS CONTROL NUMBER
LC control number he 67001312
035 ## - SYSTEM CONTROL NUMBER
System control number (OCoLC)16082969
040 ## - CATALOGING SOURCE
Original cataloging agency DLC
Transcribing agency CtWeharU
Modifying agency OCoLC
-- OCl
-- DLC
042 ## - AUTHENTICATION CODE
Authentication code premarc
050 00 - LIBRARY OF CONGRESS CALL NUMBER
Classification number DS115.9.S47
Item number A2
100 1# - MAIN ENTRY--PERSONAL NAME
Personal name Shatzky, Jacob,
Dates associated with a name -1956.
245 10 - TITLE STATEMENT
Title Shatski-bukh :
Remainder of title opshatsungen vegn Yankev Shatski un Shatski s zikhroynes, briv, referatn un eseyen /
Statement of responsibility, etc. redaktirt fun Y. Lifshits.
260 ## - PUBLICATION, DISTRIBUTION, ETC.
Place of publication, distribution, etc. Nyu-York ;
-- Buenos Ayres :
Name of publisher, distributor, etc. Yidisher Visnshaftlekher Institut-Yivo,
Date of publication, distribution, etc. 1958 [719].
300 ## - PHYSICAL DESCRIPTION
Extent 380 p. :
Other physical details ports. ;
Dimensions 24 cm.
440 #0 - SERIES STATEMENT/ADDED ENTRY--TITLE
Title Argenṭiner Yiṿo-biblioṭeḳ ;
Volume/sequential designation no. 21.
500 ## - GENERAL NOTE
General note Romanized record.
500 ## - GENERAL NOTE
General note In Yiddish.
500 ## - GENERAL NOTE
General note Added t.p.: Shatzky-buj: memorias, cartas y ensayos de Jacob Shatzky.
504 ## - BIBLIOGRAPHY, ETC. NOTE
Bibliography, etc. note "Bibliografye": p. [325]-376.
650 #0 - SUBJECT ADDED ENTRY--TOPICAL TERM
Topical term or geographic name entry element Jews
General subdivision History.
700 1# - ADDED ENTRY--PERSONAL NAME
Personal name Lifschutz, E.
740 0# - ADDED ENTRY--UNCONTROLLED RELATED/ANALYTICAL TITLE
Uncontrolled related/analytical title Shatzky-buj: memorias, cartas y ensayos de Jacob Shatzky.

No items available.

Powered by Koha